| 000 | 00881nam a2200193 4500 | ||
|---|---|---|---|
| 008 | 171205b xxu||||| |||| 00| 0 eng d | ||
| 020 | _a0781718430 | ||
| 082 |
_21999 _aDC 571.9 _bP21 |
||
| 100 |
_924140 _aParadiso, Catherine., author. |
||
| 245 |
_aPathophysiology / _cCatherine Paradiso |
||
| 250 | _a2nd ed. | ||
| 260 |
_aPhiladelphia : _bLippincott, _c ©1999 |
||
| 300 |
_axx, 496 pages: _billustration ; _c23 cm + _e1 computer laser optical disc _g(4 3/4 in.) |
||
| 500 | _aIncludes bibliographical references and index. System requirements for accompanying computer disc: Windows 95 or higher; 486/66 Processor or higher; 16 MB RAM; 6 MB Free Hard Disk Space; 256 colors. | ||
| 650 | 0 |
_924149 _aPhysiology, Pathological _xExaminations, questions, etc |
|
| 650 | 0 |
_924153 _aPhysiology, Pathological _xOutlines, syllabi, etc |
|
| 650 | 0 |
_924154 _aDisease |
|
| 942 |
_2ddc _cDC |
||
| 999 |
_c7894 _d7894 |
||